|
|
|
|
| LEADER |
00000nam a2200000 a 4500 |
| 001 |
vtls008620568 |
| 003 |
SK-MaSNL |
| 005 |
20260301021526.0 |
| 008 |
180530s2005 gw o g hf 000 0 ger |
| 020 |
|
|
|a 3791331108
|q (brož.)
|
| 035 |
|
|
|a FA9622D1-B900-4122-8CBC-F264FF0E451B
|
| 035 |
|
|
|a urn:nbn:sk:snk-amlsgt
|
| 035 |
|
|
|a urn:nbn:sk:snk-am00c99o
|
| 040 |
|
|
|a SNK
|b slo
|c SNK
|e AACR2
|
| 041 |
0 |
|
|a ger
|
| 043 |
|
|
|a e-gx---
|
| 044 |
|
|
|a gw
|a xxk
|a xxu
|c DE
|c GB
|c DE
|
| 072 |
|
7 |
|a 929
|x Biografie
|2 konspekt
|
| 072 |
|
7 |
|a 821.112.2.09
|x Nemecká literatúra, nemecky písaná (o nej)
|2 konspekt
|
| 080 |
|
|
|a 929
|2 2001
|
| 080 |
|
|
|a 830
|2 2001
|
| 080 |
|
|
|a 821.112.2-051
|2 2001
|
| 080 |
|
|
|a (430.247)
|2 2001
|
| 080 |
|
|
|a (084.12)
|2 2001
|
| 245 |
0 |
0 |
|a Dichterhäuser in Weimar
|c [Gesamtredaktion Gert-Dieter Ulferts]
|
| 260 |
|
|
|a München
|b Prestel
|c c2005
|
| 300 |
|
|
|a 63 s.
|b fareb. fotogr.
|c 30 cm
|
| 500 |
|
|
|a Tlačené na Slovensku
|
| 505 |
|
|
|a Goethehaus / Ulrike Müller-Harang, Margarete Oppel, Ernst-Gehard Güse -- Goethes Gartenhaus / Margarete Oppel, Dorothee Ahrendt -- Schillerhaus / Christina Tezky
|
| 600 |
1 |
7 |
|a Goethe, Johann Wolfgang von,
|d 1749-1832
|2 SNKMA
|9 104510
|
| 650 |
0 |
7 |
|a nemecky píšuci spisovatelia
|2 SNKPH
|9 73955
|
| 651 |
|
7 |
|a Weimar (Nemecko)
|2 SNKPH
|9 223433
|
| 655 |
|
7 |
|a fotografické publikácie
|2 SNKPH
|9 70483
|
| 700 |
1 |
|
|a Ulferts, Gert-Dieter
|4 red
|9 310647
|
| 919 |
|
|
|a 3-7913-3110-8
|
| 958 |
|
|
|a OND
|
| 999 |
|
|
|c 565484
|d 567414
|
| 952 |
|
|
|a SNK
|b SNK
|y PREZ
|7 0
|p 17A0499938
|o snkSB 72024
|i snk2006/4646
|8 2
|g 12.31
|0 0
|1 0
|4 0
|d 2006-02-06
|f 1
|l 0
|r 2025-04-25 00:00:00
|w 2026-02-23
|